| Tag |
First Indicator |
Second Indicator |
Subfields |
| LEADER |
00000cam a2200000Ia 4500 |
| 001 |
in00002052260 |
| 005 |
20151101064414.0 |
| 008 |
030521s2004 enka b 001 0 eng d |
| 015 |
|
|
|a GBA416054
|2 bnb
|
| 016 |
7 |
|
|a 009721606
|2 Uk
|
| 019 |
|
|
|a 56454813
|
| 020 |
|
|
|a 1903287340
|
| 035 |
|
|
|a (OCoLC)ocm56477559
|
| 040 |
|
|
|a CVU
|c CVU
|d OCLCQ
|d UKM
|d TXA
|d UtOrBLW
|
| 049 |
|
|
|a TXAM
|
| 082 |
0 |
4 |
|a 696
|2 22
|
| 090 |
|
|
|a TJ163.5.B84
|b E537 2004
|
| 245 |
0 |
0 |
|a Energy efficiency in buildings :
|b CIBSE guide F.
|
| 246 |
3 |
|
|a CIBSE guide.
|n F,
|p Energy efficiency in buildings
|
| 246 |
3 |
|
|a Chartered Institution of Building Services Engineers guide F
|
| 250 |
|
|
|a 2nd ed.
|
| 264 |
|
1 |
|a London :
|b CIBSE,
|c [2004]
|
| 300 |
|
|
|a 1 volume (various pagings) :
|b illustrations ;
|c 31 cm.
|
| 336 |
|
|
|a text
|b txt
|2 rdacontent
|
| 337 |
|
|
|a unmediated
|b n
|2 rdamedia
|
| 338 |
|
|
|a volume
|b nc
|2 rdacarrier
|
| 500 |
|
|
|a Published in collaboration with DETR.
|
| 504 |
|
|
|a Includes bibliographical references and index.
|
| 500 |
|
|
|a "January 2004"--T.p verso.
|
| 650 |
|
0 |
|a Buildings
|x Energy conservation.
|
| 650 |
|
0 |
|a Architecture and energy conservation.
|
| 710 |
2 |
|
|a Chartered Institution of Building Services Engineers.
|
| 948 |
|
|
|a cataloged
|b h
|c 2005/9/8
|d c
|e jgreene
|f 4:54:14 pm
|
| 994 |
|
|
|a C0
|b TXA
|
| 999 |
|
|
|a MARS
|
| 999 |
f |
f |
|s 215ad9e2-deb4-3029-b014-c38f3f596053
|i 1b86927d-5ef3-3d73-9472-cc16cfcf511f
|t 0
|
| 952 |
f |
f |
|p ric
|a Texas A&M University
|b Rellis Campus
|c Joint Library Facility
|d Remote Storage
|t 0
|e TJ163.5.B84 E537 2004
|h Library of Congress classification
|i unmediated -- volume
|m A14832918773
|
| 998 |
f |
f |
|a TJ163.5.B84 E537 2004
|t 0
|l Remote Storage
|